00440nam a2200133Ia 4500008004100000041000800041082001700049100001900066245003000085260004100115300003100156999001300187952010600200240624s9999 xx 000 0 und d aeng a658.4093 REY aREYNOLDS HELEN aEXECUTIVE TIME MANAGEMENT c2002aMumbaibJaico Publishing House axiv, : 174 : p. : cm. ; 22 c810d810 00104070aIMTNbIMTNcRack 29-Bd2004-10-24o658.4093 REYp810r2024-06-24 00:00:00w2024-06-24yBK